Вып. 15: Кафедра "Технология механической обработки металлов"; Труды Московского авиационного технологического института

Manylion Llyfryddiaeth
Parent link:Труды Московского авиационного технологического института: [сборник]/ Московский авиационный технологический институт. Вып. 15: Кафедра "Технология механической обработки металлов".— , 1948-
Awduron Eraill: Каширин А. И. (редактор)
Iaith:Rwseg
Cyhoeddwyd: 1952
Pynciau:
Fformat: MixedMaterials Llyfr
KOHA link:https://koha.lib.tpu.ru/cgi-bin/koha/opac-detail.pl?biblionumber=361541

MARC

LEADER 00000nam2a2200000 4500
001 361541
005 20231102011411.0
035 |a (RuTPU)RU\TPU\retro\18871 
035 |a RU\TPU\retro\18843 
090 |a 361541 
100 |a 20210621d1952 k y0rusy50 ca 
101 0 |a rus 
102 |a RU 
105 |a a z 001zy 
200 0 |a Вып. 15: Кафедра "Технология механической обработки металлов"  |f под ред. А. И. Каширина 
210 |d 1952 
215 |a 102 с.  |c ил. 
320 |a Библиогр. в конце ст. 
461 1 |0 (RuTPU)RU\TPU\retro\18841  |t Труды Московского авиационного технологического института  |o [сборник]  |f Московский авиационный технологический институт  |v Вып. 15: Кафедра "Технология механической обработки металлов"  |d 1948-  
606 1 |a Авиационные материалы  |2 stltpush  |3 (RuTPU)RU\TPU\subj\447  |9 29371 
610 1 |a точение 
610 1 |a фрезерование 
610 1 |a сверление 
610 1 |a строгание 
610 1 |a силовые зависимости 
610 1 |a стойкостные зависимости 
610 1 |a приспособления 
610 1 |a стыки 
610 1 |a деформация 
610 1 |a резание 
610 1 |a стали 
610 1 |a шевингование 
675 |a 629.73.002.3  |v 4 
702 1 |a Каширин  |b А. И.  |4 340 
801 1 |a RU  |b 63413507  |c 20210615 
801 2 |a RU  |b 63413507  |c 20210621  |g RCR 
942 |c BK